| 000 | 00514nam a22001577a 4500 | ||
|---|---|---|---|
| 003 | OSt | ||
| 005 | 20151203094421.0 | ||
| 008 | 151203b xxu||||| |||| 00| 0 eng d | ||
| 040 | _cRUA | ||
| 082 | _aFIS CHO 2008 B180 Or.1 | ||
| 100 |
_94188 _aCHOUP, KHEMERAKPHEAKDEY. |
||
| 245 | _aProduction and nursing of common carp, ការផលិតកូនត្រីសាមញ្ញ និងការថែបំប៉ន | ||
| 260 |
_aPhnom Penh _bRUA _c2008 |
||
| 300 |
_axi; 53p. _bill. _c29cm. |
||
| 942 |
_2ddc _cFIS |
||
| 999 |
_c3901 _d3901 |
||